4-literowe imiona męskie - rejestr PESEL - Statystyki

Ogólne statystyki
  • Ten quiz został rozwiązany 227 razy
  • Średni wynik to 7 z 11
Statystyki odpowiedzi
Odpowiedź % Poprawnych
1 A Adam
90%
2 I Igor
88%
5 E Eryk
82%
3 L Leon
79%
8 O Olaf
76%
6 E Emil
72%
4 A Alan
70%
9 K Kuba
54%
11 H Hugo
40%
10 A Alex
32%
7 L Lech
32%
Nie znaleziono quizów pasujących do podanych kryteriów
Rozkład punktacji
Procent ludzi z każdym wynikiem
Percentyl według liczby udzielonych odpowiedzi
Twoja historia wyników
Nie rozwiązałeś tego quizu